00486 a2200169 450000100060000008200190000609000170002510000180004224500290006025000060008926000420009530000140013750000170015194200290016899900190019795201000021692075 a297.122092 SAJ c44035d44034 aSajida Batool aKhwateen Ka Dars e Quran a1 aFaisalababbChishti Kutab Khanac2007 a568p.bHb aGeneral Book aCAE NUSTk297.122092 SAJ c327148d327148 001040708NFICaCAEbCAEd2017-04-03l0o297.122092 SAJpCAE88441r2017-04-05w2017-04-05yBK